Le caratteristiche e la natura dei verbi transitivi ed intransitivi italiani

Elmentve itt :
Bibliográfiai részletek
Szerző: Suvada Gizella
További közreműködők: Sulyok Hedvig (Témavezető)
Dokumentumtípus: Szakdolgozat
Megjelent: 1995
Tárgyszavak:
Online Access:http://diploma.bibl.u-szeged.hu/78032
LEADER 00570nta a2200157 i 4500
001 dipl78032
005 20200623124223.0
008 190628s1995 hu om 0|| ita d
040 |a SZTE Diploma Repozitórium  |b hun 
041 |a ita 
100 1 |a Suvada Gizella 
245 1 3 |a Le caratteristiche e la natura dei verbi transitivi ed intransitivi italiani  |h [elektronikus dokumentum] /  |c Gizella Suvada 
260 |c 1995 
650 4 |a Pedagógusképzés 
700 1 |a Sulyok Hedvig  |e ths 
856 4 0 |u http://diploma.bibl.u-szeged.hu/id/eprint/78032/1/1995_suvada_gizella.pdf  |z Dokumentum-elérés